[Event "N1 Reykjavik Open 2014"]
[Site "Reykjavik, Iceland"]
[Date "2014.03.10"]
[Round "8.111"]
[White "Magnusdottir, Veronika Steinun"]
[Black "Schadd, Jan"]
[Result "0-1"]
[WhiteElo "1595"]
[BlackElo "1893"]
[EventDate "2014.03.04"]
[PlyCount "66"]

1. e4 e6 2. d4 d5 3. Nd2 Be7 4. Ngf3 b6 5. c3 Nf6 6. e5 Ne4 7. Bb5+ c6 8. 
Bd3 Nxd2 9. Bxd2 Ba6 10. Bxa6 Nxa6 11. O-O O-O 12. Qe2 Nc7 13. h3 c5 14. 
Rac1 Rc8 15. Nh2 cxd4 16. cxd4 Qd7 17. Qg4 Rfe8 18. Bh6 Bf8 19. Qg3 Nb5 
20. Be3 Rxc1 21. Rxc1 Rc8 22. a4 Rxc1+ 23. Bxc1 Nxd4 24. Qg4 Nb3 25. Be3 
d4 26. Qd1 Qxa4 27. Bxd4 Qxd4 28. Qxb3 Qxe5 29. Nf3 Qc5 30. Qd1 Bd6 31. 
Qd2 Qc7 32. Ng5 Bf4 33. Nxe6 fxe6 0-1

[Event "N1 Reykjavik Open 2014"]
[Site "Reykjavik, Iceland"]
[Date "2014.03.10"]
[Round "8.112"]
[White "Jonasson, Hordur"]
[Black "Maggason, Oskar"]
[Result "1-0"]
[WhiteElo "1526"]
[BlackElo "1882"]
[EventDate "2014.03.04"]
[PlyCount "107"]

1. e4 e5 2. Nf3 Nc6 3. Bb5 Nf6 4. O-O Be7 5. Re1 d6 6. h3 Bd7 7. c3 a6 8. 
Ba4 b5 9. Bc2 O-O 10. d4 exd4 11. cxd4 Nb4 12. Bb3 d5 13. e5 Ne4 14. a3 
Nc6 15. Bxd5 Ng5 16. Bxg5 Bxg5 17. Qc2 Nxd4 18. Nxd4 c6 19. Be4 Rc8 20. 
Bxh7+ Kh8 21. Bf5 Bxf5 22. Nxf5 Re8 23. Nd6 Qxd6 24. exd6 Rxe1+ 25. Kh2 
Rce8 26. Qf5 Bf6 27. d7 Rd8 28. Ra2 Rd1 29. Nc3 R1xd7 30. Ne4 Rd5 31. Qf3 
Be5+ 32. g3 Kg8 33. b4 f5 34. Nc5 a5 35. Re2 g6 36. Kg2 Kf7 37. Nb7 R8d7 
38. Nxa5 Kf6 39. Nxc6 Bc7 40. Qc3+ Kg5 41. h4+ Kh6 42. Qh8+ Rh7 43. Qg8 
Rdd7 44. Ne5 Rhg7 45. Qh8+ Rh7 46. Qf6 Bxe5 47. Rxe5 Rdf7 48. Qg5+ Kg7 49.
 Rxb5 f4 50. Qe5+ Kh6 51. gxf4 Rf5 52. Qe2 Rhf7 53. Rxf5 Rxf5 54. Kg3 1-0

[Event "N1 Reykjavik Open 2014"]
[Site "Reykjavik, Iceland"]
[Date "2014.03.10"]
[Round "8.113"]
[White "Davidsdottir, Nansy"]
[Black "Englert, Fred"]
[Result "1-0"]
[WhiteElo "1510"]
[BlackElo "1845"]
[EventDate "2014.03.04"]
[PlyCount "0"]

1. e4 c6 2. c3 d5 3. exd5 cxd5 4. d4 Nf6 5. Nf3 g6 6. Be2 Bg7 7. Bf4 O-O 
8. O-O Nc6 9. Nbd2 a6 10. a4 b6 11. Ne5 Bb7 12. Ndf3 Nh5 13. Nxc6 Bxc6 14.
 Be5 f6 15. Bg3 e5 16. dxe5 Nxg3 17. hxg3 fxe5 18. Qb3 Kh8 19. Rad1 Qd7 
20. Qxb6 Rfb8 21. Qe3 e4 22. Nd4 Bxa4 23. Rd2 Bc6 24. c4 dxc4 25. Bxc4 
Bxd4 26. Rxd4 Qg7 27. Rfd1 Re8 28. Rd6 Rac8 29. Bxa6 Rc7 30. Qb6 Ba8 31. 
Bb5 Rf8 32. Rd7 Rxd7 33. Rxd7 Qxb2 34. Qa7 Qc1+ 35. Bf1 Qh6 36. Qd4+ Kg8 
37. Bc4+ Rf7 38. Rd8+ Qf8 39. Rxf8+ Kxf8 40. Bxf7 Kxf7 41. Qa7+ 1-0

[Event "N1 Reykjavik Open 2014"]
[Site "Reykjavik, Iceland"]
[Date "2014.03.10"]
[Round "8.114"]
[White "de Winter, Eric"]
[Black "Sigurvaldason, Hjalmar"]
[Result "1/2-1/2"]
[WhiteElo "1804"]
[BlackElo "1512"]
[EventDate "2014.03.04"]
[PlyCount "69"]

1. Nf3 d5 2. c4 e6 3. d4 Nf6 4. Nc3 Be7 5. Bf4 c6 6. e3 Nbd7 7. Be2 O-O 8.
 O-O Nh5 9. Bg3 Nxg3 10. hxg3 Nf6 11. Qc2 b6 12. Rfd1 Bb7 13. Ne5 Qc7 14. 
Rac1 dxc4 15. Bxc4 Rac8 16. Be2 c5 17. Nb5 Qb8 18. Qb3 a6 19. Nc3 b5 20. 
Bf3 cxd4 21. exd4 Bxf3 22. Nxf3 Rfd8 23. a3 h6 24. d5 exd5 25. Nxd5 Nxd5 
26. Rxc8 Qxc8 27. Rxd5 Rxd5 28. Qxd5 Qc1+ 29. Kh2 Qxb2 30. Qa8+ Bf8 31. 
Qxa6 Bxa3 32. Qc8+ Bf8 33. Qf5 g6 34. Qd5 Qxf2 35. Qxb5 1/2-1/2

[Event "N1 Reykjavik Open 2014"]
[Site "Reykjavik, Iceland"]
[Date "2014.03.10"]
[Round "8.115"]
[White "Pajeken, Jakob Leon"]
[Black "Petersen, Jakob Alexander"]
[Result "1-0"]
[WhiteElo "1703"]
[BlackElo "1425"]
[EventDate "2014.03.04"]
[PlyCount "0"]

1. e4 c5 2. Nf3 Nc6 3. d4 cxd4 4. Nxd4 e6 5. Nc3 Qc7 6. Be3 a6 7. Qd2 Nf6 
8. f3 Be7 9. g4 d6 10. O-O-O O-O 11. h4 Ne5 12. h5 b5 13. g5 Nfd7 14. g6 
hxg6 15. f4 Ng4 16. hxg6 Nxe3 17. Rh8+ 1-0

[Event "N1 Reykjavik Open 2014"]
[Site "Reykjavik, Iceland"]
[Date "2014.03.10"]
[Round "8.116"]
[White "Birkisson, Bardur Orn"]
[Black "Gautason, Kristofer"]
[Result "1-0"]
[WhiteElo "1475"]
[BlackElo "1677"]
[EventDate "2014.03.04"]
[PlyCount "58"]

1. e4 e5 2. Nf3 Nf6 3. Nc3 Nc6 4. d3 Be7 5. Be2 O-O 6. O-O d5 7. exd5 Nxd5
8. Nxd5 Qxd5 9. b3 Nd4 10. Bb2 Nxe2+ 11. Qxe2 Bd6 12. Nxe5 Re8 13. d4 Bxe5
14. dxe5 b6 15. Rad1 Qa5 16. a3 Ba6 17. Qg4 Re6 18. Qf3 Rb8 19. Rd7 Rf8 
20. Rfd1 Qc5 21. c4 b5 22. b4 Qc6 23. Qxc6 Rxc6 24. c5 Bb7 25. R1d3 h6 26.
 Rg3 g6 27. Re3 Re8 28. e6 Rcxe6 29. Rxe6 fxe6 1-0

[Event "N1 Reykjavik Open 2014"]
[Site "Reykjavik, Iceland"]
[Date "2014.03.10"]
[Round "8.117"]
[White "Sigurdarson, Alec Elias"]
[Black "Hauksdottir, Hrund"]
[Result "0-1"]
[WhiteElo "1309"]
[BlackElo "1668"]
[EventDate "2014.03.04"]
[PlyCount "0"]

1. e4 e5 2. Nf3 Nc6 3. Bb5 a6 4. Ba4 Nf6 5. O-O b5 6. Bb3 Bc5 7. c3 d6 8. 
a4 Bd7 9. d4 Ba7 10. d5 Ne7 11. Nbd2 O-O 12. h3 Ng6 13. Re1 Nf4 14. Nf1 
N6h5 15. Be3 Qf6 16. Kh2 Qg6 17. Nh4 Qg5 18. g3 Bxe3 19. Rxe3 Nxh3 20. Nf5
Bxf5 21. exf5 Nxf2 22. Qf3 Ng4+ 23. Kg2 Nxe3+ 24. Nxe3 Nf4+ 25. Kf2 Nd3+ 
0-1

[Event "N1 Reykjavik Open 2014"]
[Site "Reykjavik, Iceland"]
[Date "2014.03.10"]
[Round "8.121"]
[White "Kristbergsson, Bjorgvin"]
[Black "Palsdottir, Soley Lind"]
[Result "0-1"]
[WhiteElo "1175"]
[BlackElo "1450"]
[EventDate "2014.03.04"]
[PlyCount "86"]

1. c3 c5 2. g3 g6 3. Bg2 Bg7 4. b3 e6 5. h3 d5 6. e3 e5 7. Bb2 Nc6 8. Ne2 
Nge7 9. O-O O-O 10. d4 cxd4 11. cxd4 e4 12. Nf4 Be6 13. Nc3 Rc8 14. Nxe6 
fxe6 15. Qg4 Nf5 16. Qd1 a6 17. Ne2 Qe7 18. a3 Rfd8 19. Nf4 Na5 20. a4 Nc6
21. Qg4 e5 22. Ne2 Nh6 23. Qh4 Bf6 24. Qxh6 Bg5 25. Ba3 Qf6 26. Qxg5 Qxg5 
27. h4 Qg4 28. f3 exf3 29. Bxf3 Qe6 30. Bc5 e4 31. Bg2 Ne7 32. Kh2 Nf5 33.
 Nf4 Qc6 34. Rae1 b6 35. Ba3 Qc3 36. Ne6 Re8 37. Nf8 Qxb3 38. Nd7 Qxa3 39.
 Nf6+ Kg7 40. Nxe8+ Rxe8 41. Rc1 Nxe3 42. Rc7+ Re7 43. Rxe7+ Qxe7 0-1

[Event "N1 Reykjavik Open 2014"]
[Site "Reykjavik, Iceland"]
[Date "2014.03.10"]
[Round "8.125"]
[White "Finnsson, Johann Arnar"]
[Black "Magnusson, Thorsteinn"]
[Result "1/2-1/2"]
[WhiteElo "1471"]
[BlackElo "1234"]
[EventDate "2014.03.04"]
[PlyCount "0"]

1. e4 e6 2. g3 d5 3. exd5 exd5 4. Bg2 Nf6 5. d3 Bc5 6. Ne2 O-O 7. O-O Bg4 
8. Nbc3 Nc6 9. Bg5 Nd4 10. Qd2 c6 11. Nxd4 Bxd4 12. Qf4 Bxc3 13. bxc3 Re8 
14. Bxf6 Qxf6 15. Qxg4 Qxc3 16. Qd1 Re7 17. Re1 Rxe1+ 18. Qxe1 Qxc2 19. 
Qd1 Qxd1+ 20. Rxd1 Re8 21. Kf1 f5 22. Rb1 Re7 23. Bh3 Rf7 24. Bxf5 Rxf5 
25. Rxb7 Rf7 26. Rb8+ Rf8 27. Rb7 Rf7 1/2-1/2